000 00500nam a2200169 a 4500
001 000034898
005 20200930073955.0
008 111021s1956 cu c 000 0 spa d
040 _aDO-SdBNP
_bspa
_cBNPHU
082 _axxxx
_bE61e
100 1 _aEntralgo Cancio, Alberto
_960462
245 1 0 _aMartí ante el proceso de Jesús /
_cAlberto Entralgo Cancio.
260 _aLa Habana :
_bLa Verdad,
_c1956.
300 _a166 p. :
_bretr. ;
_c23 cm.
504 _aBibliografía : p. [139].
049 _aBNGR
999 _c34389
_d34389